[Event "World-ch31-KK2 Kasparov-Karpov +5-3=16"]
[Site "Moscow"]
[Date "1985.10.15"]
[Round "16"]
[White "Karpov, Anatoly"]
[Black "Kasparov, Garry"]
[Result "0-1"]
[WhiteElo "2720"]
[BlackElo "2700"]
[Annotator "Lutz,C"]
[PlyCount "80"]
[EventDate "1985.09.03"]
[EventType "match"]
[EventRounds "24"]
[EventCountry "URS"]
[SourceTitle "100 Jahre Schach"]
[Source "ChessBase"]
[SourceDate "2000.04.19"]
[SourceVersion "1"]
[SourceVersionDate "2000.04.19"]
[SourceQuality "1"]

{Ve druhém zápase mistrovství světa mezi Karpovem a Kasparovem v roce 1985
to bylo 7,5:7,5 po 15 partiích, takže Kasparov musel získat alespoň pět
bodů ze zbývajících devíti partií, aby sebral světový titul svému
úhlavnímu rivalovi Karpovovi. V následující partii položil základní
kámen k vítězství v zápase. A Karpov jen zřídka utrpěl tak
zničující porážku bílými a zvláště v tak důležité partii.} 1. e4
c5 2. Nf3 e6 3. d4 cxd4 4. Nxd4 Nc6 5. Nb5 d6 6. c4 Nf6 7. N1c3 a6 8. Na3 {[#]}
d5 $6 {Tato oběť pěšce byla v tisku nazývána „Tramvajový gambit“.
Proč? Tento nápad dostal vynálezce Andras Adorjan při jízdě v tramvaji!
Objektivně, tah 8 ... d5?! je nesprávný, jak ukazuje poznámka k 12. tahu
bílého, ale šachový svět by měl být Karpovovi vděčný, že při
partii nenašel vyvrácení. Kasparov tento tah použil již ve 12. hře
zápasu a dosáhl krátké remízy. Kasparovovi patří pocenění za odvahu,
varianta se v zápase na šachovnici objevila podruhé a vedla k brilantnímu
vítězství černého.} 9. cxd5 exd5 10. exd5 Nb4 11. Be2 ({ve dvanácté
partii zápasu se hrálo} 11. Bc4 Bg4 12. Be2 Bxe2 13. Qxe2+ Qe7 14. Be3 Nbxd5
15. Nc2 Nxe3 16. Nxe3 Qe6 17. O-O Bc5 18. Rfe1 O-O {s remízou.}) 11... Bc5 12.
O-O $6 {To není nejlepší pokračování.} ({Později Karpov našel
správné pokračování:} 12. Be3 $1 {vyvrací gambit a je důvodem, proč se
dnes 8...d5 již nehraje.} Bxe3 13. Qa4+ Nd7 14. Qxb4 Bc5 15. Qe4+ Kf8 16. O-O
b5 17. Nc2 {bílý má dle partie A.Karpov-J.Van der Wiel (Brussels 1986)
pěšce navíc v mírnou výhodou.}) 12... O-O 13. Bf3 {Karpov se drží
pěšce d5, ale tah střelce oslabuje čtverec d3, jak se za chvíli ukáže.}
({Lepší bylo vrátit pěšce a držet iniciativu.} 13. Bg5 Nbxd5 14. Nxd5
Qxd5 15. Qxd5 Nxd5 16. Bf3 Be6 17. Rfd1 Nf6 18. Rac1 $14 {s drobnou výhodou
bílého}) 13... Bf5 14. Bg5 Re8 $1 {Kasparovovou hrou se v této partii
táhne jako červená nit téma profylaxe. Stejně jako později v tazích 21.,
24. a 27. Kasparov soustředil své úsilí na narušení spolupráce
soupeřových figur.} 15. Qd2 b5 $1 {Do konce hry se jezdci nedostanou do hry.}
16. Rad1 {[#]} (16. Qf4 Bg6 17. Bxf6 Qxf6 18. Qxf6 gxf6 {s výhodou černého})
16... Nd3 $1 {Tento jezdec paralyzuje hru bílého. Následně se vše točí
kolem toho, zda bílý může jezdce pacifikovat.} 17. Nab1 $2 {Zatímco dosud
měl černý „jen“ kompenzaci za pěšce, po tomto tahu iniciativa
čerého nabývá značných rozměrů. Výsledkem je, že Kasparov nepustí
svého soupeře do hry.} (17. d6 $1 {vynucené. Po} Qxd6 18. Bxa8 Rxa8 $44 {
má černý dobrou hru za kvalitu.}) 17... h6 $1 18. Bh4 b4 19. Na4 $6 (19. Ne2
$5 {Tebto tah byl lepší možností.} g5 20. Bxg5 Nxf2 (20... hxg5 $2 21.
Qxg5+ Bg6 22. Rxd3 $18) 21. Rxf2 Bxf2+ 22. Kxf2 hxg5 23. Qxg5+ Bg6 {s výhodou
černého.} 24. Nd2 {ale hra ještě není rozhodnuta. To by ale svět byl
ochuzen o jednu fantastickou partii.}) 19... Bd6 {Jak napsal Kasparov, tuto
pozici měl již v domácí přípravě! Ukazuje to na fakt, že Kasparovovy
přípravy na zahájení ve světovém šachu neměly obdoby.} 20. Bg3 Rc8 21.
b3 {[#] V plánu je samozřejmě 22.Jb2, ale Kasparov má stále trumfy v
rukávu.} g5 $1 22. Bxd6 (22. Nb2 $2 Nxb2 23. Qxb2 g4 24. Be2 Rc2 $19) 22...
Qxd6 23. g3 {Nyní má střelec pole pro ústup, ale zároveň je pole f3
oslabeno. Toho využívá i další černý tah.} Nd7 $1 24. Bg2 {S těžkým
srdcem bude muset Karpov přiznat, že se jezdce d3 jen tak rychle nezbaví.} (
24. Nb2 {by bylo brilantně vyvráceno} Qf6 $1 25. Nxd3 Bxd3 26. Qxd3 Ne5 $1 {
a bílý ztrácí dámu.}) 24... Qf6 $1 {Brání tahu 25.Jb2} 25. a3 a5 26.
axb4 axb4 27. Qa2 {Pokud Karpov, nesporný mistr šachu, dělá takové tahy,
musí být jeho pozice prostě špatná.} Bg6 $1 {Ještě jednou profylaxe.
Svým posledním tahem bílý zamýšlel 27.Jd2, což je nyní nemožné
kvůli 27...Ve2 s přímým útokem proti f2.} 28. d6 {I když to tak
nevypadá, bílý má stále ještě pěšce navíc...} g4 {...ale zavrhl
braní černého pěšce a místo toho získává více prostoru na
královském křídle.} (28... Qxd6 $2 29. Nd2 {dává bílému trochu vzduchu
k dýchání.}) 29. Qd2 {dává bílému trochu vzduchu k dýchání.} Kg7 {
černý nemusí spěchat.} 30. f3 {Otevírá pozici pro černé figurky, ale
nic lepšího nenír.} (30. f4 Bf5 $1 $19) 30... Qxd6 31. fxg4 Qd4+ 32. Kh1 {
[#]} Nf6 $1 {Jeden jezdec na d3 je pro Kasparova málo, zúčastnit se chce i
jeho kolega. Hrozí 33...Jxg4 nebo 33...Je4.} 33. Rf4 Ne4 34. Qxd3 {Trojský
kůň d3 konečně padl, ale za jakou cenu!} Nf2+ 35. Rxf2 Bxd3 36. Rfd2 Qe3 $1
{Energicky až do konce! Bílý má tři figury za dámu, ale jeho poslední
řada je slabá.} 37. Rxd3 {[#]} Rc1 $1 38. Nb2 (38. Rxe3 Rxd1+ 39. Bf1 Rxe3
$19) 38... Qf2 39. Nd2 Rxd1+ ({Pro úplnost je třeba uvést, že po...} 39...
Re2 $1 {by černý dal v dalším tahu mat na g2 nebo h2.}) 40. Nxd1 Re1+ {
Karpov se vzdal, v zápase s Kasparovem prohrál a titul mistra světa ztratil.
Partie je bezesporu jedna z nejlepších v historii šachu.} 0-1

[Event "Hoogovens"]
[Site "Wijk aan Zee"]
[Date "1999.01.20"]
[Round "4"]
[White "Kasparov, Garry"]
[Black "Topalov, Veselin"]
[Result "1-0"]
[WhiteElo "2812"]
[BlackElo "2700"]
[Annotator "Herejk,Petr"]
[PlyCount "87"]
[EventDate "1999.01.16"]
[EventType "tourn"]
[EventRounds "13"]
[EventCountry "NED"]
[EventCategory "17"]
[Source "ChessBase"]
[SourceVersion "2"]
[SourceVersionDate "1999.07.01"]
[SourceQuality "1"]

1. e4 d6 {Topalov preferuje Sicilskou, ale proti Kasparovovi volí
překvapení.} 2. d4 Nf6 3. Nc3 g6 4. Be3 Bg7 5. Qd2 c6 6. f3 {Český
velmistr Jansa preferuje 6.Sh6!?} b5 7. Nge2 Nbd7 8. Bh6 Bxh6 9. Qxh6 Bb7 ({
Černý by se měl snažit o okamžitou protihru.} 9... e5 $142 $5 10. O-O-O
Qe7 {s oboustrannými šancemi.}) 10. a3 $1 {Správný čas pro profilaxi.} e5
11. O-O-O Qe7 {Černý chce dostat svého krále rychle do bezpečí.} 12. Kb1
a6 13. Nc1 $1 O-O-O 14. Nb3 exd4 $5 {Topalov si uvědomuje nebezpečí
spojené s Ja5 následovaným včasným d5 a rozhodne se otevřít pozici a
bojovat.} 15. Rxd4 c5 16. Rd1 Nb6 {[%cal Rd6d5] s plánem d5} 17. g3 Kb8 (17...
d5 $5 18. Bh3+ Kb8 19. exd5 Nbxd5 20. Nxd5 Nxd5 21. Na5 $14) 18. Na5 $6 {
Kasparov už počítá s kombinačními možnostmi, ale tento velmi
přirozený tah asi objektivně není nejlepší.} (18. Bh3 $142 $5 {/\Rhe1})
18... Ba8 19. Bh3 d5 20. Qf4+ Ka7 21. Rhe1 d4 {Černý dosáhl na první
pohled uspokojivé pozice, ale jeho pozice je trochu nebezpečná. Kasparov
ale rozpoutá fantastickou kombinaci.} ({Otevření pozice by byla sebevražda.
} 21... dxe4 22. fxe4 {/\Nd5} Rxd1+ 23. Rxd1 Nxe4 24. Rd7+ $1 $18 Nxd7 25. Qc7+
Bb7 26. Qxb7#) 22. Nd5 $1 Nbxd5 (22... Nfxd5 $2 23. exd5 Qd6 24. Qxf7+ $18) 23.
exd5 Qd6 {[#]} 24. Rxd4 $3 {úvod k fantastické kombinaci, jedné z
nejúžasnějších v celé historii šachu.} cxd4 $2 {Pokud by černý hrál
asi lepší 24...Kb6, svět by pak přišel o fancinující partii.} (24... Kb6
$142 $1 $11) 25. Re7+ $3 {Pointa předchozího tahu} Kb6 (25... Qxe7 $2 26.
Qxd4+ $18) (25... Kb8 26. Qxd4 Nd7 27. Bxd7 Bxd5 28. c4 $1 $18) 26. Qxd4+ Kxa5
(26... Qc5 27. Qxf6+ Qd6 28. Be6 $3 Bxd5 29. b4 $18) 27. b4+ Ka4 28. Qc3 $5 {
This shows Kasparov's combination was more intuitive, than arithmetically
exact. Bílý mohl vyhrát rychleji pomocí jemného tahu 28.Va7!!} Qxd5 29.
Ra7 Bb7 $8 30. Rxb7 Qc4 (30... Rhe8 31. Rb6 (31. Ra7 $2 Rd6 32. Kb2 Qe5 $19)
31... Ra8 32. Bf1 $3 $18 {/\Rd6}) 31. Qxf6 Kxa3 {Nyní již bílý vynuceně
vítězí.} (31... Rd1+ $142 32. Kb2 Ra8 33. Qb6 Qd4+ 34. Qxd4 Rxd4 35. Rxf7 a5
36. Be6 axb4 37. Bb3+ Ka5 38. axb4+ Rxb4 (38... Kb6 39. Rxh7 {se třemi
pěšci za kvalitu s vyhranou pozicí}) 39. c3 $16) 32. Qxa6+ Kxb4 33. c3+ $1
Kxc3 (33... Kb3 34. Qa2+ Kxc3 35. Qb2+ Kd3 36. Re7 $1 $18) (33... Qxc3 34.
Qxb5+ Ka3 35. Ra7+ Qa5 36. Rxa5#) 34. Qa1+ Kd2 $8 (34... Kb4 35. Qb2+ Ka5 (
35... Qb3 36. Rxb5+) 36. Qa3+ Qa4 37. Ra7+ $18) 35. Qb2+ Kd1 {[#] Král se
dostal na první řadu - celkem doteď v partii udělal 11 tahů!} (35... Ke3
$2 36. Re7+ $18) (35... Ke1 36. Re7+ Kd1 37. Bf1 $1 $18 {s podobnou pozicí
jako v partii}) 36. Bf1 $3 {a závěrečná trešnička na dortu...} Rd2 $8 (
36... Qxf1 37. Qc2+ Ke1 38. Re7+ Qe2 39. Qxe2#) 37. Rd7 $3 {A ještě jeden
důležitý tah doplňující předchozí tah. Problém černého je v tom,
že je napadena dáma, která nemůže krýt věž!} Rxd7 (37... Qxf1 38. Qxd2#
) 38. Bxc4 {[%cal Rb2c1]} bxc4 $8 (38... Rc8 39. Qc1#) 39. Qxh8 Rd3 (39... Rb7+
40. Ka2 Kc2 41. Qd4 $18) 40. Qa8 c3 41. Qa4+ Ke1 (41... Kd2 42. Qc2+ Ke3 43. f4
$18) 42. f4 f5 43. Kc1 Rd2 44. Qa7 1-0